00463nam a2200181 a 4500001001300000003000900013005001700022008004100039020001000080082001500090100002100105245003000126260003700156300000900193500003500202650002300237700002100260nice12345678IN_TiNIC20260116011338.0070620s1883 newa grp 000 0 eng  ac50000a220.3bROB aRobinson, Edward aGreek and English Lexicon aNew York bHarper and Row c1883 a803p aincludes index and biblioraphy aBible-Dictionaries1 aRobinson, Edward